| 000 | 02078nam a2200385 i 4500 | ||
|---|---|---|---|
| 001 | 000038011 | ||
| 003 | DO-SdBNP | ||
| 005 | 20260305073951.0 | ||
| 007 | ta | ||
| 008 | 130312s2012 dr 001 0 spa d | ||
| 020 | _a9789945869361 | ||
| 040 |
_aDO-SdBNP _bspa _cBNPHU _erda |
||
| 041 | _aspa | ||
| 082 | 4 |
_a306.349 _bR585i 2012 _222 |
|
| 100 | 1 |
_aRío Moreno, Justo Lucas del, _d1963- _964407 _eautor _4aut. |
|
| 245 | 1 | 4 |
_aLos inicios de la agricultura europea en el nuevo mundo 1492-1542 / _cJusto L. del Rio Moreno ; presentación, Frank Moya Pons. |
| 250 | _aSegunda edición | ||
| 264 |
_aSanto Domingo, República Dominicana : _bAcademia Dominicana de la Historia, _c2012. |
||
| 300 |
_a705 páginas ; _c24 cm. |
||
| 336 |
_atexto _btxt _2rdacontent |
||
| 337 |
_asin mediación _bn _2rdamedia |
||
| 338 |
_avolumen _bnc _2rdacarrier |
||
| 500 | _aIncluye datos biográficos del autor en las solapa de la cubierta. | ||
| 500 | _aIncluye referencias bibliográficas y notas al pie de las páginas. | ||
| 504 | _aBibliografía : p. 681-698. | ||
| 505 | 0 |
_aPresentación -- _tIntroducción -- _tI: La agricultura de subsistencia -- _tA. La trilogía mediterránea: _tLas crisis agraría mediterránea -- _tLa política cerealera del Estado -- _tLa introducción del trigo y otros cereales -- _tLa introducción de la vid y el olivo -- _tB. Los cultivos de huerta: el minifundio -- _tEl proceso irradiador de las plantas -- _tLa producción hortofrutícola -- _tB. La agricultura comercial: _tLos comienzos de la caña azucarera -- _tLa agroindustria azucarera: análísis de los prototipos -- _tEl capital -- _tLos trabajadores: economía y sociedad de la plantación. |
|
| 590 | _aInventariado, 2018/MFF | ||
| 650 | 4 |
_aAgricultura _zAmérica Latina _xHistoria _964408 |
|
| 650 | 4 |
_aCultivos tropicales _964409 |
|
| 650 | 4 |
_aDesarrollo de cultivos _zAmérica Latina _xHistoria _964410 |
|
| 650 | 4 |
_aIndígenas de américa _xAgricultura _964411 |
|
| 700 | 1 |
_aMoya Pons, Frank, _d1944- _epresentador _4pr. _92095 |
|
| 910 | _aValidado. Control de calidad EMS | ||
| 942 |
_2ddc _cLBS1 |
||
| 999 |
_c37501 _d37501 |
||